书目信息 |
| 题名: |
软磁合金及相关物理专题研究
|
|
| 作者: | 何开元 , 张雅静 著 | |
| 分册: | ||
| 出版信息: | 北京 冶金工业出版社 2018.06 |
|
| 页数: | X, 273页 | |
| 开本: | 24cm | |
| 丛书名: | ||
| 单 册: | ||
| 中图分类: | TG132.2 | |
| 科图分类: | ||
| 主题词: | 软磁合金--ruan ci he jin--研究 | |
| 电子资源: | ||
| ISBN: | 978-7-5024-7753-0 | |
| 000 | 00952nam0 2200253 450 | |
| 001 | 202019133699 | |
| 005 | 20190921113345.0 | |
| 010 | @a978-7-5024-7753-0@dCNY79.00 | |
| 100 | @a20190919d2018 em y0chiy50 ea | |
| 101 | 0 | @achi |
| 102 | @aCN@b110000 | |
| 105 | @aak a 000yy | |
| 106 | @ar | |
| 200 | 1 | @a软磁合金及相关物理专题研究@Aruan ci he jin ji xiang guan wu li zhuan ti yan jiu@f何开元, 张雅静著 |
| 210 | @a北京@c冶金工业出版社@d2018.06 | |
| 215 | @aX, 273页@c图@d24cm | |
| 320 | @a有书目 | |
| 330 | @a本书系统介绍了软磁合金 (包括晶态和非晶态软磁合金以及纳米晶软磁合金) 的性能、种类和近年的新进展, 并全面总结了作者多年来的科研成果, 不仅通过实验研究获得制备高性能软磁合金的有关工艺, 更着重研究涉及的有关物理问题。 | |
| 606 | 0 | @a软磁合金@Aruan ci he jin@x研究 |
| 690 | @aTG132.2@v5 | |
| 701 | 0 | @a何开元@Ahe kai yuan@4著 |
| 701 | 0 | @a张雅静@Azhang ya jing@4著 |
| 801 | 0 | @aCN@c20190905 |
| 905 | @a河南城建学院图书馆@dTG132.2@eH188 | |
| 软磁合金及相关物理专题研究/何开元, 张雅静著.-北京:冶金工业出版社,2018.06 |
| X, 273页:图;24cm |
| ISBN 978-7-5024-7753-0:CNY79.00 |
| 本书系统介绍了软磁合金 (包括晶态和非晶态软磁合金以及纳米晶软磁合金) 的性能、种类和近年的新进展, 并全面总结了作者多年来的科研成果, 不仅通过实验研究获得制备高性能软磁合金的有关工艺, 更着重研究涉及的有关物理问题。 |
| ● |
| 相关链接 |
|
|
|
正题名:软磁合金及相关物理专题研究
索取号:TG132.2/H188
 
预约/预借
| 序号 | 登录号 | 条形码 | 馆藏地/架位号 | 状态 | 备注 |
| 1 | 1441146 | 214411466 | 期刊室512/ [索取号:TG132.2/H188] | 在馆 | |
| 2 | 1441147 | 214411475 | 期刊室512/ [索取号:TG132.2/H188] | 在馆 | |
| 3 | 1441148 | 214411484 | 自科库501/501自科库 24排2列5层/ [索取号:TG132.2/H188] | 在馆 | |
| 4 | 1441149 | 214411493 | 自科库501/501自科库 24排2列5层/ [索取号:TG132.2/H188] | 在馆 |